00601nam a22001457a 4500003000400000005001700004008004100021040001400062100002500076245015000101260001000251300002900261500013100290504003400421OSt20171010095524.0120824t xxu||||| |||| 00| 0 eng d aMMSUcULS aPondoc, Dionesio C.  aSynthesis and characterization of cordierite prepared from mixtures of Philippine kaolinite clay, talc and other additives cDionesio C. Pondoc  c2006  axx, 180 leaves c28 cm.  aThesis (MS Materials Science and Engineering) -- University of the Philippines-College of Engineering, Diliman, Quezon City  aBibliography: leaves 111-113